Redes sociales : infancia, familia y comunidad.

La redes sociales, de conformidad con los contextos sociales, culturales y políticos, se han ido crando y, al mismo tiempo, han recreado formas de relación basadas en la ayuda mutua, en acuerdos sobre intereses compartidos, que se sustentan en la solidaridad y que promueven una cultura de la esperan...

Full description

Bibliographic Details
Main Author: Madariaga Orozco, Camilo
Other Authors: Abello Llanos, Raimundo, Sierra García, Omar
Format: Libro
Language:Spanish
Published: Barranquilla, Colombia Uninorte 2003
Subjects:

MARC

LEADER 00000cam a2200000 a 4500
001 006485
003 UAHC_CL
005 20170803120240.0
008 040316s2003 ck 000 spa
040 |a UAHC_CL  |c UAHC_CL  |d UAHC_CL 
100 1 |a Madariaga Orozco, Camilo 
245 1 0 |a Redes sociales :  |b infancia, familia y comunidad. 
260 |b Uninorte  |a Barranquilla, Colombia  |c 2003 
300 |a 182 p. 
520 |a La redes sociales, de conformidad con los contextos sociales, culturales y políticos, se han ido crando y, al mismo tiempo, han recreado formas de relación basadas en la ayuda mutua, en acuerdos sobre intereses compartidos, que se sustentan en la solidaridad y que promueven una cultura de la esperanza que reafirma la capacidad de los seres humanos como sujetos de cambio.\Esta obra presenta los resultados de las investigaciones que durante más de 15 años se han venido implementando en distintas comunidades del Caribe colombiano, a través del proyecto Costa Atlántica y del Centro de Investigacines en Desarrollo Humano. CIDHUM. 
650 4 |a REDES SOCIALES 
653 |a PSICOLOGIA 
700 1 |a Abello Llanos, Raimundo 
700 1 |a Sierra García, Omar 
900 |a 307 MAD 
942 |c BK 
952 |0 0  |1 0  |4 0  |6 307_000000000000000_MAD  |7 0  |8 General  |9 14137  |a BC  |b BC  |c General  |d 2017-08-03  |l 0  |o 307 MAD  |p 1342381  |r 2026-01-13 00:00:00  |t 1  |w 2017-08-03  |y BK 
952 |0 0  |1 0  |4 0  |6 307_000000000000000_MAD  |7 0  |8 General  |9 14138  |a BC  |b BC  |c General  |d 2017-08-03  |l 0  |o 307 MAD  |p 1354290  |r 2026-01-13 00:00:00  |t 2  |w 2017-08-03  |y BK 
952 |0 0  |1 0  |4 0  |6 307_000000000000000_MAD  |7 0  |8 General  |9 14139  |a BC  |b BC  |c General  |d 2017-08-03  |l 1  |m 3  |o 307 MAD  |p 1367  |r 2026-01-13 00:00:00  |s 2018-10-23  |t 3  |w 2017-08-03  |y BK 
952 |0 0  |1 0  |4 0  |6 307_000000000000000_MAD  |7 0  |8 General  |9 14140  |a BC  |b BC  |c General  |d 2017-08-03  |l 0  |o 307 MAD  |p 1440471  |r 2026-01-13 00:00:00  |t 4  |w 2017-08-03  |y BK 
999 |c 6485  |d 6485